|
|
|
|
| LEADER |
00856nam a2200253 a 4500 |
| 001 |
1404 |
| 003 |
BD-DhAAL |
| 005 |
20150621113802.0 |
| 008 |
150621s1993 nyua 001 0 eng |
| 010 |
|
|
|a 92024995
|
| 020 |
|
|
|a 0070562946 :
|c $34.50
|
| 040 |
|
|
|a DLC
|c DLC
|d DLC
|d BD-DhAAL
|
| 050 |
0 |
0 |
|a HB171.5
|b .S2923 1993
|
| 082 |
0 |
0 |
|a 330
|2 20
|
| 100 |
1 |
|
|a Schiller, Bradley R.,
|d 1943-
|9 12339
|
| 245 |
1 |
0 |
|a Essentials of economics /
|c Bradley R. Schiller.
|
| 260 |
|
|
|a New York :
|b McGraw-Hill,
|c c1993.
|
| 300 |
|
|
|a xxiii, 368 p. :
|b col. ill. ;
|c 28 cm.
|
| 500 |
|
|
|a Includes index.
|
| 541 |
|
|
|e 1404
|
| 650 |
|
0 |
|a Economics.
|9 12340
|
| 942 |
|
|
|2 ddc
|c BK
|
| 999 |
|
|
|c 34802
|d 34802
|
| 952 |
|
|
|0 0
|1 0
|2 ddc
|4 0
|6 330_000000000000000_SCH
|7 0
|9 54450
|a SCL
|b SCL
|c GEN
|d 2015-06-21
|e Gift: The Asia Foundation
|l 1
|o 330 SCH
|p 3020001404
|r 2022-01-02
|s 2021-10-18
|t 1
|w 2015-06-21
|y BK
|